Ética y deontología (Registro nro. 275)

Detalles MARC
000 -LEADER
fixed length control field 00634 a2200205 4500
001 - CONTROL NUMBER
control field 2790
005 - DATE AND TIME OF LATEST TRANSACTION
control field 20260407155424.0
008 - FIXED-LENGTH DATA ELEMENTS--GENERAL INFORMATION
fixed length control field 260407a2003 arg spa d
003 - CONTROL NUMBER IDENTIFIER
control field AR-UNSa-BCEJYS
040 ## - CATALOGING SOURCE
Original cataloging agency AR-UNSa-BCEJYS
Language of cataloging spa
Transcribing agency AR-UNSa-BCEJYS
080 ## - UNIVERSAL DECIMAL CLASSIFICATION NUMBER
Universal Decimal Classification number 17
Common auxiliary subdivision Filosofía moral. Ética. Filosofía práctica
041 ## - LANGUAGE CODE
Language code of text/sound track or separate title spa
100 1# - MAIN ENTRY--PERSONAL NAME
Personal name Wierna, Gustavo Enrique
245 10 - TITLE STATEMENT
Title Ética y deontología
250 ## - EDITION STATEMENT
Edition statement 2a. ed.
264 #1 - PRODUCTION, PUBLICATION, DISTRIBUTION, MANUFACTURE, AND COPYRIGHT NOTICE
Place of production, publication, distribution, manufacture Salta :
Name of producer, publisher, distributor, manufacturer Universidad Nacional de Salta. Facultad de Ciencias Económicas, Jurídicas y Sociales
Date of production, publication, distribution, manufacture, or copyright notice 2003
300 ## - PHYSICAL DESCRIPTION
Extent 192 p.
Dimensions 21 cm.
590 ## - LOCAL NOTE (RLIN)
Local note niveau_biblio:m niveau_hierar:0
942 ## - ADDED ENTRY ELEMENTS (KOHA)
Koha item type
Existencias
Withdrawn status Lost status Damaged status Not for loan Home library Current library Shelving location Date acquired Total checkouts Full call number Barcode Date last seen Price effective from Koha item type
        Biblioteca Prof. Eusebio Cleto del Rey Biblioteca Prof. Eusebio Cleto del Rey   07/04/2026   U17 W648 2ed. U00035 07/04/2026 07/04/2026 Libro
        Biblioteca Prof. Eusebio Cleto del Rey Biblioteca Prof. Eusebio Cleto del Rey   07/04/2026   U17 W648 2ed. U00033 07/04/2026 07/04/2026 Libro
        Biblioteca Prof. Eusebio Cleto del Rey Biblioteca Prof. Eusebio Cleto del Rey   07/04/2026   U17 W648 2ed. U00034 07/04/2026 07/04/2026 Libro
        Biblioteca Prof. Eusebio Cleto del Rey Biblioteca Prof. Eusebio Cleto del Rey   07/04/2026   U17 W648 2ed. U00036 07/04/2026 07/04/2026 Libro